000 00502nam a22001577a 4500
005 20251108164713.0
008 250721s1972 xx 000 0 ara d
082 1 4 _a801.95/أحم
100 1 _aزكي، أحمد كمال
245 1 0 _aالنقد الأدبي الحديث أصوله و إتجاهاته /
264 1 _aالقاهرة :
_bالهيئة المصرية العامة للكتاب،
_c1972.
300 _a210ص
650 1 7 _aالنقد الأدبي
942 _2ddc
_cBK
999 _c12285
_d12285